|
|
|
|
| LEADER |
01171cam a2200277 7i4500 |
| 001 |
0000058905 |
| 005 |
20210416090000.0 |
| 020 |
|
|
|a 9781137376213
|
| 020 |
|
|
|a 9781137376220 (electronic book)
|
| 020 |
|
|
|a 9781137376213 (pbk)
|
| 090 |
0 |
0 |
|a PE1066
|b .I686 2015
|
| 245 |
0 |
0 |
|a International perspectives on teacher research
|c Simon Borg, Hugo Santiago Sanchez, editors.
|
| 264 |
|
|
|a Macmillan:
|b Palgrave,
|c 2015.
|
| 300 |
|
|
|a 1 online resource (xvi, 201 pages):
|b illustrations, text file, PDF.
|
| 336 |
|
|
|a text
|2 rdacontent
|
| 337 |
|
|
|a computer
|2 rdamedia
|
| 338 |
|
|
|a online resource
|2 rdacarrier
|
| 650 |
0 |
0 |
|a English language --
|x Study and teaching (Higher)--Research --
|x Methodology.
|
| 650 |
0 |
0 |
|a English teachers --
|x Training of --
|x Research --
|x Methodology
|
| 655 |
0 |
0 |
|a Electronic books
|
| 700 |
1 |
|
|a Borg, Simon
|
| 700 |
1 |
|
|a Santiago Sanchez, Hugo
|
| 856 |
4 |
2 |
|u http://library.unisel.edu.my/equip-unisel/custom/ebook_catalog/InternationalPerspectivesOnTeacher.pdf
|
| 997 |
|
|
|a Education & Social Sciences, Faculty
|b Language Education, Department
|
| 998 |
|
|
|a Education (TESL), Degree
|
| 999 |
|
|
|a EBO0005290
|b EBOOK
|c EBOOK
|e Electronic resources
|